000
00310nam a2200133Ia 4500
008
200103s9999||||xx |||||||||||||| ||und||
040
_a
IMU-MPC
082
_a
Column-2
100
_a
Hoyt, Samuel L
245
0
_a
Metals properties
260
_b
McGraw-Hill Publishing Co
_c
1954
300
_a
x, 433
942
_c
BK
999
_c
2893
_d
2893